Economic Botany : Principles and Practices
Đã lưu trong:
| Príomhúdar: | |
|---|---|
| Formáid: | Leabhar |
| Teanga: | Undetermined |
| Foilsithe: |
Netherlands
Kluwer Academic Publishers
2001
|
| Ábhair: | |
| Clibeanna: |
Cuir Clib Leis
Gan Chlibeanna, Bí ar an gcéad duine leis an taifead seo a chlibeáil!
|
| Thư viện lưu trữ: | Trung tâm Học liệu Trường Đại học Cần Thơ |
|---|
| LEADER | 00546nam a2200205Ia 4500 | ||
|---|---|---|---|
| 001 | CTU_93217 | ||
| 008 | 210402s9999 xx 000 0 und d | ||
| 020 | |c 82.69 | ||
| 082 | |a 581.6 | ||
| 082 | |b W636 | ||
| 100 | |a Wickens, Gerald E. | ||
| 245 | 0 | |a Economic Botany : | |
| 245 | 0 | |b Principles and Practices | |
| 245 | 0 | |c Gerald E. Wickens | |
| 260 | |a Netherlands | ||
| 260 | |b Kluwer Academic Publishers | ||
| 260 | |c 2001 | ||
| 650 | |a Botany, economic | ||
| 904 | |i Năm,Hải | ||
| 980 | |a Trung tâm Học liệu Trường Đại học Cần Thơ | ||